[Event "AUTO-OPEN-4616"]
[Site "http://www.queenalice.com/game.php?id=1863497"]
[Date "2025.9.27"]
[Round "1"]
[White "Takeda"]
[Black "Fischercat"]
[Result "1-0"]
[WhiteElo "1975"]
[BlackElo "1810"]

1. e4 e5 2. Nf3 d6 3. d4 Bg4 4. dxe5 Bxf3 5. Qxf3 dxe5 6. Bc4 Qf6 7. Qb3 b6 8.
Bg5 Qg6 9. Nd2 Be7 10. Bxe7 Nxe7 11. O-O-O O-O 12. Nf3 Nbc6 13. Rd7 Rfe8 14. Bd5
Nxd5 15. Qxd5 Nb4 16. Qc4 a5 17. a3 Qxg2 18. Qxf7+ Kh8 19. Rg1 1-0

[Event "AUTO-OPEN-4575"]
[Site "http://www.queenalice.com/game.php?id=1863518"]
[Date "2025.9.28"]
[Round "2"]
[White "Takeda"]
[Black "gizmokaka"]
[Result "0-1"]
[WhiteElo "1963"]
[BlackElo "2799"]

1. e4 e5 2. Nf3 Nc6 3. Bb5 a6 4. Ba4 Nf6 5. O-O Be7 6. d4 exd4 7. Bg5 b5 8. Bb3
Nxe4 9. Bxe7 Nxe7 10. Qxd4 d5 11. Qxg7 Rg8 12. Qxh7 Qd6 13. Nc3 Bf5 14. Nxe4
Bxe4 15. Qh3 Qf6 16. Kh1 Nf5 17. a4 b4 18. c4 Qg7 19. Rfe1 Kf8 20. Rxe4 dxe4 21.
Ne1 Qe5 22. f4 Qxf4 23. g3 Nxg3+ 24. hxg3 Rxg3 25. Qh2 Qf1+ 0-1

[Event "AUTO-OPEN-4575"]
[Site "http://www.queenalice.com/game.php?id=1863519"]
[Date "2025.9.28"]
[Round "2"]
[White "gizmokaka"]
[Black "Takeda"]
[Result "1-0"]
[WhiteElo "2803"]
[BlackElo "2002"]

1. Nf3 g6 2. e4 Bg7 3. d4 d6 4. c4 Nf6 5. Nc3 O-O 6. h3 Nbd7 7. Be3 c5 8. d5 a6
9. a4 Qb6 10. Qc2 Re8 11. Be2 Nf8 12. O-O e6 13. a5 Qc7 14. Bf4 e5 15. Be3 Nh5
16. Rfb1 f5 17. b4 fxe4 18. Ng5 Nf4 19. bxc5 dxc5 20. Ngxe4 Bf5 21. Rb3 Nd7 22.
Bg4 Rf8 23. d6 Qc6 24. Rab1 Rab8 25. Qd1 Bxe4 26. Bxd7 Qxd7 27. Nxe4 Qc6 28. f3
Rf7 29. Rb6 Qe8 30. Kh1 Ne6 31. Qd5 Nd4 32. Rxb7 Rxb7 33. Rxb7 Kf8 34. Ng5 1-0

[Event "AUTO-ADV-4895"]
[Site "http://www.queenalice.com/game.php?id=1863542"]
[Date "2025.9.29"]
[Round "1"]
[White "jpribeiro"]
[Black "Takeda"]
[Result "0-1"]
[WhiteElo "1623"]
[BlackElo "2020"]

1. e4 g6 2. d4 Bg7 3. Nc3 d6 4. f4 Nf6 5. Nf3 O-O 6. h3 c5 7. dxc5 dxc5 8. Qxd8
Rxd8 9. e5 Nd5 10. Nxd5 Na6 11. Nxe7+ Kf8 12. Nxc8 Raxc8 13. Bc4 h6 14. a3 Nc7
15. Be3 b6 16. O-O a6 0-1

[Event "AUTO-ADV-4895"]
[Site "http://www.queenalice.com/game.php?id=1863543"]
[Date "2025.9.29"]
[Round "1"]
[White "Takeda"]
[Black "jpribeiro"]
[Result "1-0"]
[WhiteElo "2018"]
[BlackElo "1625"]

1. e4 c5 2. Nf3 d6 3. Bb5+ Bd7 4. Bc4 b5 5. Bd5 Bc6 6. O-O Bxd5 7. exd5 Na6 8.
d3 Nc7 9. c4 h6 10. Nc3 b4 11. Ne4 f5 12. Nxc5 dxc5 13. Ne5 Qd6 14. Qa4+ 1-0

[Event "AUTO-ADV-4895"]
[Site "http://www.queenalice.com/game.php?id=1863560"]
[Date "2025.9.29"]
[Round "1"]
[White "Takeda"]
[Black "Nolimet"]
[Result "1-0"]
[WhiteElo "2064"]
[BlackElo "1976"]

1. e4 c5 2. Nf3 Nc6 3. Bc4 d6 4. O-O e5 5. d3 Nf6 6. Bg5 Be7 7. h3 O-O 8. Nc3 a6
9. a4 Be6 10. Bxe6 fxe6 11. Ne2 Nd4 12. Nfxd4 cxd4 13. c3 dxc3 14. Nxc3 Qb6 15.
Qe2 Rae8 16. a5 Qb4 17. Ra4 Qc5 18. Rc1 Qa7 19. Be3 Qb8 20. Bb6 Rc8 21. Rc4 Rxc4
22. dxc4 Bd8 23. Na4 Qc8 24. c5 Bxb6 25. Nxb6 Qc6 26. f3 dxc5 27. b4 Nd7 28.
Nxd7 Qxd7 29. Rxc5 Qd4+ 30. Kh2 Qxb4 31. Rxe5 Qd6 32. Qb2 Rf7 33. Kh1 h6 34. Rh5
Rc7 35. Rh4 Qc6 36. Kh2 Qd6+ 37. f4 Qc6 38. f5 exf5 39. exf5 Qd6+ 40. g3 Qc5 41.
Rd4 Qxf5 42. Qa2+ Kh7 43. Rd2 Qc5 44. h4 b6 45. Qb1+ g6 46. Qxb6 Qxb6 47. axb6
Rb7 48. Rd6 a5 49. Rc6 Kh8 50. Rc8+ 1-0

[Event "AUTO-ADV-4895"]
[Site "http://www.queenalice.com/game.php?id=1863561"]
[Date "2025.9.29"]
[Round "1"]
[White "Nolimet"]
[Black "Takeda"]
[Result "0-1"]
[WhiteElo "2002"]
[BlackElo "2060"]

1. e4 g6 2. d4 Bg7 3. Nc3 d6 4. Be3 Nf6 5. f3 O-O 6. Qd2 Re8 7. O-O-O c6 8. h4
e5 9. g4 exd4 10. Bxd4 Nbd7 11. h5 c5 12. Be3 Ne5 13. hxg6 fxg6 14. Bh6 Bh8 15.
Nd5 Rb8 16. Nxf6+ Qxf6 17. Qxd6 Qxd6 18. Rxd6 Nf7 19. Bc4 Bg7 20. Bxg7 Kxg7 21.
Bb5 Rd8 22. Rxd8 Nxd8 23. Nh3 a6 24. Bc4 b5 25. Bd5 Bb7 26. Bxb7 Rxb7 27. Rd1
Ne6 28. Rd6 Nd4 29. f4 a5 30. e5 Re7 31. Kd2 h5 32. gxh5 gxh5 33. c3 Nf5 34. Rc6
Rd7+ 35. Ke1 Rd5 36. Rb6 b4 37. Rb5 bxc3 38. bxc3 Rd3 39. Ng5 Rxc3 40. Rxa5 h4
41. Kd2 h3 42. Kxc3 h2 43. Ra7+ Kg6 44. Ra6+ Kh5 45. Kc4 h1=Q 46. Kxc5 Qc1+ 0-1

[Event "AUTO-ADV-4895"]
[Site "http://www.queenalice.com/game.php?id=1863562"]
[Date "2025.9.29"]
[Round "1"]
[White "Takeda"]
[Black "Erlofabr"]
[Result "1-0"]
[WhiteElo "2054"]
[BlackElo "1594"]

1. e4 e5 2. Nf3 Nc6 3. Bb5 Nb8 4. O-O a6 5. Ba4 b5 6. Bb3 Nf6 7. Nxe5 d5 8. exd5
Bd6 9. Nc6 Nxc6 10. dxc6 Ng4 11. Re1+ Be5 12. h3 Qh4 13. d4 Qxf2+ 14. Kh1 Qg3
15. Rxe5+ Nxe5 16. dxe5 Bf5 17. Nc3 Qxe5 18. Qd5 Qe1+ 19. Kh2 Be6 20. Qc5 Rd8
21. Bg5 f6 22. Rxe1 Rd6 23. Bf4 Ke7 24. Rxe6+ Kd8 25. Bxd6 cxd6 26. Qxd6+ Kc8
27. Qd7+ 1-0

[Event "AUTO-MASTER-3283"]
[Site "http://www.queenalice.com/game.php?id=1863641"]
[Date "2025.9.30"]
[Round "1"]
[White "Castling"]
[Black "Takeda"]
[Result "0-1"]
[WhiteElo "1896"]
[BlackElo "2022"]

1. e4 g6 2. Nf3 Bg7 3. Nc3 d6 4. d4 Bg4 5. Be2 Nf6 6. h3 Bd7 7. Bg5 O-O 8. Qd3
c5 9. dxc5 dxc5 10. O-O-O Qc7 11. e5 Nh5 12. Bxe7 Re8 13. Bf6 Nxf6 14. exf6 Bxf6
15. Rhe1 Be6 16. Nd5 Bxd5 17. Qxd5 Qb6 18. Qb3 Qxb3 19. axb3 a6 20. Bc4 Nc6 21.
Rxe8+ Rxe8 22. Rd7 Nd8 23. Bd5 Re2 24. Bxb7 Nxb7 25. Rxb7 Rxf2 26. Ne1 Bg5+ 27.
Kd1 Rd2+ 28. Kc1 Rd7+ 29. Kb1 Rxb7 30. Nf3 Bf4 31. g4 f5 32. Ka2 fxg4 33. hxg4
h5 34. gxh5 gxh5 35. Nh4 Kf7 0-1

[Event "AUTO-MASTER-3283"]
[Site "http://www.queenalice.com/game.php?id=1863642"]
[Date "2025.9.30"]
[Round "1"]
[White "Takeda"]
[Black "Castling"]
[Result "1-0"]
[WhiteElo "2045"]
[BlackElo "1875"]

1. e4 e5 2. Nf3 d6 3. d4 Bg4 4. dxe5 Bxf3 5. gxf3 a6 6. Bf4 Nc6 7. exd6 Bxd6 8.
Bg3 Nf6 9. Nc3 Qd7 10. h4 Bxg3 11. fxg3 O-O-O 12. Bc4 Qxd1+ 13. Rxd1 Rxd1+ 14.
Kxd1 Rf8 15. Ke2 Nd4+ 16. Kf2 Nxc2 17. Rd1 Nb4 18. e5 b5 19. exf6 bxc4 20. fxg7
Rg8 21. Rd2 Rxg7 22. Rd4 a5 23. Rxc4 f6 24. b3 Rd7 25. Ke2 h5 26. Rc5 Nc2 27.
Rxh5 Nd4+ 28. Kf2 f5 29. Na4 Rd5 30. Nc3 Re5 31. Rh8+ Kd7 32. h5 Ne6 33. h6 Ng5
34. h7 Re7 35. Rd8+ Kxd8 36. h8=Q+ Kd7 37. Qf6 Nh3+ 38. Kg2 Re6 39. Qxf5 Ng5 40.
Qxg5 1-0

[Event "AUTO-MASTER-3283"]
[Site "http://www.queenalice.com/game.php?id=1863655"]
[Date "2025.9.30"]
[Round "1"]
[White "Capixaba789"]
[Black "Takeda"]
[Result "0-1"]
[WhiteElo "1797"]
[BlackElo "1971"]

1. d4 g6 2. e4 Bg7 3. c4 d6 4. Nc3 Nf6 5. f4 O-O 6. Nf3 Bg4 7. Be2 c5 8. d5 Nbd7
9. O-O a6 10. Qc2 Nb6 11. Be3 Bxf3 12. Bxf3 Nxc4 13. Bf2 b5 14. Rad1 Nd7 15.
Rfe1 Nxb2 16. Qxb2 b4 17. e5 dxe5 18. Ne4 exf4 19. Qb3 Ne5 20. d6 Re8 21. dxe7
Qxe7 22. Bxc5 Nxf3+ 23. Qxf3 Qc7 24. Bd6 Qb6+ 25. Bc5 Qb5 26. Bd4 Bxd4+ 27. Rxd4
Qb6 28. Rd1 Rad8 29. Qxf4 Rxd4 30. Nf6+ Qxf6 31. Qxf6 Rxd1+ 32. Kf2 Rd2+ 33. Kg3
Rxa2 34. Qb6 a5 35. Kf3 Ree2 0-1

[Event "AUTO-MASTER-3283"]
[Site "http://www.queenalice.com/game.php?id=1863656"]
[Date "2025.9.30"]
[Round "1"]
[White "Takeda"]
[Black "Capixaba789"]
[Result "1-0"]
[WhiteElo "1961"]
[BlackElo "1820"]

1. e4 e5 2. Nf3 d6 3. Bb5+ c6 4. Be2 Nf6 5. Nc3 Be7 6. O-O O-O 7. d4 exd4 8.
Nxd4 Be6 9. Nf5 b5 10. Nxe7+ Qxe7 11. Bg5 Nbd7 12. Qd2 Rfe8 13. Rad1 b4 14. Nb1
Nxe4 15. Bxe7 Nxd2 16. Rxd2 Rxe7 17. Rxd6 c5 18. a3 a5 19. Rfd1 Ne5 20. f4 Nc4
21. Bxc4 Bxc4 22. Nd2 Ba6 23. Nb3 bxa3 24. bxa3 c4 25. Rxa6 Ree8 26. Rxa8 Rxa8
27. Nxa5 f6 28. Nxc4 h6 29. Rd7 Rc8 30. Rd4 1-0

[Event "AUTO-MASTER-3286"]
[Site "http://www.queenalice.com/game.php?id=1864665"]
[Date "2025.10.24"]
[Round "1"]
[White "Rafale2000"]
[Black "Takeda"]
[Result "1/2-1/2"]
[WhiteElo "1948"]
[BlackElo "2065"]

1. e4 g6 2. Nc3 Bg7 3. Nge2 d6 4. d4 Nf6 5. h3 O-O 6. Be3 b6 7. Qd2 Bb7 8. f3
Nbd7 9. O-O-O c5 10. g4 cxd4 11. Nxd4 Rc8 12. Bh6 a6 13. Bxg7 Kxg7 14. h4 h5 15.
Qg5 e6 16. Rg1 Kh7 17. Nxe6 fxe6 18. gxh5 Rg8 19. hxg6+ Kg7 20. h5 Rh8 21. Rh1
Rh6 22. Rxd6 Ne8 23. Qxd8 Rxd8 24. Rxe6 Nef6 25. Re7+ Kf8 26. Rf7+ Ke8 27. Bh3
Rxh5 28. Bxd7+ Rxd7 29. Rxh5 Nxh5 30. Rh7 Nf6 31. Rh8+ Ke7 32. e5 Ne8 33. f4 Ng7
34. b4 Bd5 35. Nxd5+ Rxd5 36. Rh7 Kf8 37. Rh8+ Ke7 38. Rh7 Kf8 39. Rh8+ Ke7
1/2-1/2

[Event "AUTO-MASTER-3286"]
[Site "http://www.queenalice.com/game.php?id=1864666"]
[Date "2025.10.24"]
[Round "1"]
[White "Takeda"]
[Black "JailtonMaster"]
[Result "0-1"]
[WhiteElo "2074"]
[BlackElo "2219"]

1. e4 e5 2. Nf3 Nc6 3. d4 exd4 4. Nxd4 Bc5 5. Nxc6 Qf6 6. f4 Qxc6 7. Qd5 Qxd5 8.
exd5 Nf6 9. Nc3 Bb4 10. Bc4 Ne4 11. Bd2 Nxd2 12. Kxd2 O-O 13. a3 Ba5 14. b4 Bb6
15. Rhe1 d6 16. h3 h6 17. Re7 Bf5 18. g4 Bh7 19. Nb5 c6 20. dxc6 bxc6 21. Nc3 d5
22. Bd3 a5 23. b5 Bxd3 24. Kxd3 d4 25. Na4 Bd8 26. Rb7 cxb5 27. Rxb5 Re8 28. Re5
Bf6 29. Rh5 Re3+ 30. Kd2 Rae8 31. Ra2 d3 32. cxd3 Re2+ 0-1

[Event "AUTO-MASTER-3286"]
[Site "http://www.queenalice.com/game.php?id=1864667"]
[Date "2025.10.24"]
[Round "1"]
[White "JailtonMaster"]
[Black "Takeda"]
[Result "1-0"]
[WhiteElo "2199"]
[BlackElo "2052"]

1. d4 g6 2. c4 Bg7 3. Nf3 d6 4. Nc3 Nf6 5. e4 O-O 6. Bd3 Bg4 7. O-O Nbd7 8. h3
Bh5 9. Re1 c5 10. d5 Ne5 11. Be2 Bxf3 12. gxf3 Qd7 13. Kh2 Nh5 14. f4 f5 15.
Bxh5 gxh5 16. fxe5 fxe4 17. e6 Qe8 18. Nxe4 Qg6 19. Qd3 Be5+ 20. f4 Kh8 21. Rg1
Qf5 22. fxe5 Qxe5+ 23. Kh1 Rg8 24. Ng5 1-0

[Event "AUTO-OPEN-4621"]
[Site "http://www.queenalice.com/game.php?id=1864782"]
[Date "2025.10.28"]
[Round "1"]
[White "Takeda"]
[Black "WoodpusherKid"]
[Result "0-1"]
[WhiteElo "2078"]
[BlackElo "2554"]

1. e4 e5 2. Nf3 Nc6 3. Bb5 Nf6 4. O-O Nxe4 5. Re1 Nd6 6. Bxc6 dxc6 7. Nxe5 Be7
8. Nc3 O-O 9. d4 Re8 10. Bf4 Be6 11. d5 cxd5 12. Nxd5 Nf5 13. Ne3 Qxd1 14. Raxd1
Nxe3 15. Rxe3 g5 16. Bg3 Bxa2 17. b3 f5 18. f4 Bc5 19. Bf2 Bxe3 20. Bxe3 Re6 21.
Ra1 gxf4 22. Bxf4 Ra6 23. Nd3 Re8 24. Nb4 Ra5 25. Bxc7 b6 26. Kf2 Bxb3 0-1

[Event "AUTO-OPEN-4621"]
[Site "http://www.queenalice.com/game.php?id=1864811"]
[Date "2025.10.28"]
[Round "1"]
[White "Takeda"]
[Black "cerenzo72"]
[Result "1-0"]
[WhiteElo "2056"]
[BlackElo "2132"]

1. e4 e5 2. Nf3 d6 3. d4 exd4 4. Nxd4 Nf6 5. Nc3 Be7 6. Bd3 Bd7 7. O-O O-O 8.
Nf5 Bxf5 9. exf5 Nbd7 10. Bg5 Ne5 11. Re1 Qd7 12. Qd2 c5 13. f4 Nxd3 14. Qxd3
Rad8 15. Re2 d5 16. Rae1 Bd6 17. Bxf6 gxf6 18. Nxd5 Be5 19. Rxe5 Qc6 20. Ne7+
Kh8 21. Qxd8 Rxd8 22. Nxc6 fxe5 23. Nxd8 1-0

[Event "AUTO-OPEN-4621"]
[Site "http://www.queenalice.com/game.php?id=1864812"]
[Date "2025.10.28"]
[Round "1"]
[White "cerenzo72"]
[Black "Takeda"]
[Result "1-0"]
[WhiteElo "2102"]
[BlackElo "2076"]

1. c4 g6 2. d4 Bg7 3. Nf3 Nf6 4. Nc3 O-O 5. e4 d6 6. Be2 Nbd7 7. Bg5 c5 8. d5 a6
9. O-O Rb8 10. a4 b6 11. Qd2 Re8 12. Rab1 Qc7 13. h3 e6 14. dxe6 fxe6 15. Rbd1
Bf8 16. Nh4 Bb7 17. Bf3 Be7 18. Rfe1 Rf8 19. Qe3 Ne5 20. Be2 Rf7 21. f4 Nc6 22.
f5 exf5 23. exf5 Kg7 24. fxg6 hxg6 25. Bh6+ Kh7 26. Bd3 Ne5 27. Qg3 Rg8 28. Rxe5
dxe5 29. Bxg6+ Kh8 30. Qf2 Rxg6 31. Nxg6+ Kh7 32. Nxe7 Qxe7 33. Bg5 Kg6 34. Qg3
Nh5 35. Bxe7+ Nxg3 36. Bd6 Rf5 37. Re1 e4 38. Bxg3 1-0